Online Catalogue and eLibrary

Neethiya obata (Record no. 5093)

MARC details
000 -LEADER
fixed length control field 00378nam a2200169Ia 4500
005 - DATE AND TIME OF LATEST TRANSACTION
control field 20250624032446.0
008 - FIXED-LENGTH DATA ELEMENTS--GENERAL INFORMATION
fixed length control field 240331s9999 xx 000 0 und d
020 ## - INTERNATIONAL STANDARD BOOK NUMBER
ISBN 9559763504
082 ## - DDC Classification
Item Number - Author Mark PIE
Class No. 340
100 ## - MAIN ENTRY--PERSONAL NAME
Personal name Pieris,R
245 #0 - TITLE STATEMENT
Title Neethiya obata
250 ## - EDITION STATEMENT
Edition statement 3rd
260 ## - PUBLICATION, DISTRIBUTION, ETC.
Place of publication, distribution, etc. Colombo
Name of publisher, distributor, etc. Legal Aid Commission
Date of publication, distribution, etc. 2001
300 ## - PHYSICAL DESCRIPTION
Extent (e.g. Volumes, Pages etc.) 100 p .,
650 ## - SUBJECT ADDED ENTRY--TOPICAL TERM
Topical term or geographic name entry element Law
942 ## - Koha item type (Biblio)
Koha item type Books in Stacks (Lending)
Holdings
Lost status Damaged status Collection code Home library Current library Shelving location Date acquired Full call number Accession Number Item type
    Lending WERC Library WERC Library Social Science Cupboard 03/31/2024 340 PIE 4790 Books in Stacks (Lending)

© WERC Library